Missing Word: Tolkien Chapters Quiz Stats

 Plays Quiz Updated Aug 14, 2013

Support Sporcle.
Go Orange.
Score 0/22 Timer 04:00
0 Plays Today
Chapter Title Missing Word % Correct
Helm's ____Deep
87.2%
Homeward ____Bound
85.4%
Mount ____Doom
83.1%
The Black ___ Is ClosedGate
80.5%
At the Sign of the ____ PonyPrancing
79.8%
____ and JetsamFlotsam
76.5%
Shelob's ____Lair
76.4%
____ Is CompanyThree
76%
In the ____ of Tom BombadilHouse
75.6%
The ____ Goes SouthRing
69.8%
The Scouring of the ____Shire
69.2%
Chapter Title Missing Word % Correct
The ____ of the Pelennor FieldsBattle
66.4%
The ____ of RohanRiders
65.6%
A ____-Expected PartyLong
63.5%
The ____ of Khazad-dûmBridge
58.2%
Fog on the ____-DownsBarrow
56.8%
The ____ of ElrondCouncil
55.5%
The ____ of GaladrielMirror
49.6%
The ____ of Cirith UngolStairs
48.4%
____ to the FordFlight
43.4%
The ____ of SméagolTaming
40.6%
The Land of _____Shadow
31.5%

Today's Daily Dose

You're not logged in!

Compare scores with friends on all Sporcle quizzes.
OR
Log In

From the Vault

One Per Category: Oscar 2010s

by Hejman

If you watch a lot of awards shows, you should be in good shape here.
Remove Ads.
Support Sporcle.
Get the best of Sporcle when you Go Orange. This ad-free experience offers more features, more stats, and more fun while also helping to support Sporcle. Thank you for becoming a member.

Show Comments

Extras

Top Quizzes Today


Score Distribution

Your Account Isn't Verified!

In order to create a playlist on Sporcle, you need to verify the email address you used during registration. Go to your Sporcle Settings to finish the process.

Report this User

Report this user for behavior that violates our Community Guidelines.

Details: